| 000 | 00781nam a2200277Ia 4500 | ||
|---|---|---|---|
| 001 | 19572 | ||
| 003 | DO-CoUTE | ||
| 005 | 20260204212629.0 | ||
| 008 | 220104s9999 dr 000 0 spa d | ||
| 020 | _a978-987-760-061-2 | ||
| 040 |
_aDO-CoUTE _bspa _cDO-CoUTE |
||
| 041 | 0 | _aspa | |
| 082 | _a370.1 D776e | ||
| 100 | 1 | _aDrewniak, Gerardo | |
| 245 | 1 | 0 | _aEducación tecnológica:ideas y perspectivas / Gerardo Drewniak y otros siete |
| 260 | _aCórdoba, Argentina: Editorial Brujas | ||
| 300 | _a210 páginas | ||
| 650 | 4 | _aEducación Tecnológica | |
| 700 | 1 | _aFlores, Pedro | |
| 700 | 1 | _aLeliwa, Susana | |
| 700 | 1 | _aMarey, Gabriel | |
| 700 | 1 | _aMarpegán, Carlos | |
| 942 |
_2ddc _cBK |
||
| 999 |
_c21444 _d21444 |
||